000 00233nam a2200097Ia 4500
005 20251222114414.0
008 251222s1900||||xx |||||||||||||| ||spa||
082 _aDVD0180/M85/1976/BR
245 4 _aThe Omen 666:La ProfecĂ­a
942 _cDVD
999 _c2147
_d2147